banner koha

Atividades mitogenicas de proteinas de feijao determinadas por ensaios de incorporacao de h-timidina por linfocitos humanos (Registro n. 126602)

MARC details
000 -LÍDER
campo de controle de tamanho fixo 01023nas a2200301 4500
001 - NÚMERO DE CONTROLE
campo de controle BR8904156
003 - IDENTIFICADOR DO NÚMERO DE CONTROLE
campo de controle BR-BrBNA
005 - DATA E HORÁRIO DA ÚLTIMA TRANSAÇÃO
campo de controle 20231205091655.0
007 - CAMPO FIXO DE DESCRIÇÃO FÍSICA--INFORMAÇÃO GERAL
campo de controle de tamanho fixo ta
008 - CAMPO DE DADOS FIXOS--INFORMAÇÃO GERAL
campo de controle de tamanho fixo 230509b bl.|||p| |||| 00| 00por d
040 ## - FONTE DA CATALOGAÇÃO
Instituição da catalogação original BR-BrBNA
Idioma da catalogação por
Instituição que transcreveu o registro Biblioteca Nacional de Agricultura
041 ## - CÓDIGO DE IDIOMA
Código do idioma do texto/trilha sonora ou título diferente (En)
072 ## - CÓDIGO DE CATEGORIA DE ASSUNTO
Código de Categoria de Assunto Q04
100 1# - ENTRADA PRINCIPAL--NOME PESSOAL
Nome pessoal Derbyshire, E.
100 1# - ENTRADA PRINCIPAL--NOME PESSOAL
Nome pessoal Carvalho, M.T.V.
100 1# - ENTRADA PRINCIPAL--NOME PESSOAL
Nome pessoal Vitti, D.M.S.S.
100 1# - ENTRADA PRINCIPAL--NOME PESSOAL
Nome pessoal Costa, C.P.
245 1# - TÍTULO
Título Atividades mitogenicas de proteinas de feijao determinadas por ensaios de incorporacao de h-timidina por linfocitos humanos
246 1# - FORMA VARIANTE DO TÍTULO
Título/título abreviado The mitogenic activities of bean proteins determined by assay of the incorporation of h-thymidine by human lymphocytes
650 ## - ASSUNTO--TERMO TÓPICO
Cabeçalho tópico ou nome geográfico FEIJAO
650 ## - ASSUNTO--TERMO TÓPICO
Cabeçalho tópico ou nome geográfico PROTEINA
650 ## - ASSUNTO--TERMO TÓPICO
Cabeçalho tópico ou nome geográfico MITOSE
650 ## - ASSUNTO--TERMO TÓPICO
Cabeçalho tópico ou nome geográfico ANALISE QUIMICA
650 ## - ASSUNTO--TERMO TÓPICO
Cabeçalho tópico ou nome geográfico ANALISE DE ALIMENTO
773 0# - ENTRADA ANALÍTICA
Título Energia Nuclear e Agricultura (Brazil)
ISSN - International Standard Serial Number ISSN 0100-3593
Partes relacionadas (1988), v. 9(1) p. 21-27
Número de controle do registro BR8904156
909 ## -
-- 202311
-- Lúcia
-- 55
-- Lúcia Elande
942 ## - ELEMENTOS DE ENTRADA ADICIONADOS (KOHA)
Fonte da classificação ou esquema de arquivamento na estante Classificação AGRIS
Ocultar no OPAC Não
Tipo de material Koha Analítica
Exemplares
Situação do descarte Fonte da classificação ou esquema de arquivamento na estante Situação física Não pode ser emprestado Biblioteca de origem Biblioteca atual Localização na estante Enumeração do periódico / cronologia Total de empréstimos Data de último acesso Número do exemplar Tipo de material Koha Fonte de aquisição
  Classificação AGRIS   Consulta local Biblioteca Nacional de Agricultura - Binagri Biblioteca Nacional de Agricultura - Binagri   (1988), v. 9(1) p. 21-27   29/11/2023 01 Periódicos Portaria Interministerial nº 164/94

BINAGRI

Telefone: (61)3218-2567/2388/3357/2097 - binagri@agro.gov.br

Ministério da Agricultura e Pecuária , Esplanada dos Ministérios, Bloco D, Anexo B, Brasília/DF, CEP: 70.043-900